书目信息 |
| 题名: |
数字音视频资源的设计与制作
|
|
| 作者: | 李绯 , 李斌 编著 | |
| 分册: | ||
| 出版信息: | 北京 清华大学出版社 2010 |
|
| 页数: | 215页 | |
| 开本: | 26cm | |
| 丛书名: | ||
| 单 册: | ||
| 中图分类: | TN912.27 , TN941.3 | |
| 科图分类: | ||
| 主题词: | 数字技术--应用--音频设备--高等学校--教材 , 数字技术--应用--视频信号--高等学校--教材 , 数字技术 , 音频设备 , 视频信号 | |
| 电子资源: | ||
| ISBN: | 978-7-302-21039-9 | |
| 000 | 01081nam0 2200313 45 | |
| 001 | 1033017906 | |
| 005 | 20100407101546.42 | |
| 010 | @a978-7-302-21039-9@dCNY25.00 | |
| 100 | @a20100331d2010 em y0chiy50 ea | |
| 101 | 0 | @achi |
| 102 | @aCN@b110000 | |
| 105 | @aa z 000yy | |
| 106 | @ar | |
| 200 | 1 | @a数字音视频资源的设计与制作@AShu Zi Yin Shi Pin Zi Yuan De She Ji Yu Zhi Zuo@f李绯,李斌等编著@FLi Fei, Li Bin Deng Bian Zhu |
| 210 | @a北京@c清华大学出版社@d2010 | |
| 215 | @a215页@c图@d26cm | |
| 300 | @a21世纪高等学校数字媒体专业规划教材 | |
| 330 | @a本书内容主要包括数字音频基础知识、音频资源的获取及编辑、视频资源的获取、音视频资源的设计和编辑、电子相册的制作和网上流媒体制作等。 | |
| 606 | 0 | @a数字技术@x应用@x音频设备@x高等学校@j教材 |
| 606 | 0 | @a数字技术@x应用@x视频信号@x高等学校@j教材 |
| 606 | 0 | @a数字技术 |
| 606 | 0 | @a音频设备 |
| 606 | 0 | @a视频信号 |
| 690 | @aTN912.27@v4 | |
| 690 | @aTN941.3@v4 | |
| 701 | 0 | @a李绯@ALi Fei@4编著 |
| 701 | 0 | @a李斌@ALi Bin@4编著 |
| 801 | 0 | @aCN@bTANGWEI@c20100407 |
| 905 | @b0587550-54@dTN912.27@e71@f5 | |
| 数字音视频资源的设计与制作/李绯,李斌等编著.-北京:清华大学出版社,2010 |
| 215页:图;26cm |
| 21世纪高等学校数字媒体专业规划教材 |
| ISBN 978-7-302-21039-9:CNY25.00 |
| 本书内容主要包括数字音频基础知识、音频资源的获取及编辑、视频资源的获取、音视频资源的设计和编辑、电子相册的制作和网上流媒体制作等。 |
| ● |
| 相关链接 |
|
|
|
|
正题名:数字音视频资源的设计与制作
索取号:TN912.27/71
 
预约/预借
| 序号 | 登录号 | 条形码 | 馆藏地/架位号 | 状态 | 备注 |
| 1 | 0587550 | 205875506 | 第二样本阅览室/ [索取号:TN912.27/71] | 在馆 | |
| 2 | 0587551 | 205875515 | 第三借阅区/ [索取号:TN912.27/71] | 在馆 | |
| 3 | 0587552 | 205875524 | 第三借阅区/ [索取号:TN912.27/71] | 在馆 | |
| 4 | 0587553 | 205875533 | 第三借阅区/ [索取号:TN912.27/71] | 在馆 | |
| 5 | 0587554 | 205875542 | 第三借阅区/ [索取号:TN912.27/71] | 在馆 |